000 00691nam a22002057a 4500
005 20240814174526.0
008 s2539 th tha d
020 _a9748978346
040 _aNALT
041 _atha
100 0 _aนคร มุธุศรี
245 1 0 _aไขปัญหาคอนโดฯ เล่ม 1
260 3 _aกรุงเทพฯ :
_bกระดานชนวน,
_c2539
300 _a150 หน้า ;
_b 21 ซม.
650 0 4 _aอาคารชุด -- คำถามและคำตอบ
850 _aNALT
942 _cLB
_2lcc
999 _c17753
_d17753
998 _j25
_k นีลวัสน์ อินทรักษา
090 _aKP156 น114ข 2539